Pays d'Asie du plus petit au plus grand - Statistiques

Statistiques générales
  • Ce quiz a été pris 276 fois
    67 depuis la dernière actualisation
  • Le résultat moyen est 29 sur 50
Réponses sur la Carte
Les réponses sont colorées sur une échelle allant du rouge au vert en fonction du pourcentage des utilisateurs qui les ont devinées à leur premier essai. Vous pouvez retrouver ces pourcentages ci-dessous.
 
Statistiques - réponses
Rang Superficie (en km²) Pays % Correct
49ᵉ 719 Singapour
85%
2ᵉ 9 596 960 Chine
79%
3ᵉ 3 287 263 Inde
79%
1ᵉʳ 17 098 242 Russie
79%
48ᵉ 760 Bahreïn
77%
4ᵉ 2 724 900 Kazakhstan
75%
50ᵉ 298 Maldives
75%
8ᵉ 1 564 116 Mongolie
75%
5ᵉ 2 149 690 Arabie saoudite
73%
47ᵉ 5 765 Brunei
71%
7ᵉ 1 648 195 Iran
71%
10ᵉ 783 562 Turquie
69%
6ᵉ 1 904 569 Indonésie
65%
9ᵉ 796 095 Pakistan
65%
45ᵉ 9 251 Chypre
60%
41ᵉ 17 818 Koweït
60%
44ᵉ 10 400 Liban
60%
12ᵉ 652 230 Afghanistan
58%
37ᵉ 38 394 Bhoutan
58%
11ᵉ 676 578 Birmanie
58%
43ᵉ 11 586 Qatar
58%
39ᵉ 29 743 Arménie
56%
18ᵉ 377 915 Japon
56%
25ᵉ 187 437 Syrie
56%
42ᵉ 14 874 Timor oriental
56%
13ᵉ 527 968 Yémen
56%
26ᵉ 181 035 Cambodge
54%
35ᵉ 69 700 Géorgie
54%
40ᵉ 21 937 Israël
54%
23ᵉ 236 800 Laos
54%
21ᵉ 309 500 Oman
54%
36ᵉ 65 610 Sri Lanka
54%
14ᵉ 513 120 Thaïlande
54%
30ᵉ 120 538 Corée du Nord
52%
31ᵉ 99 720 Corée du Sud
52%
34ᵉ 83 600 Émirats arabes unis
52%
38ᵉ 35 980 Taïwan
52%
33ᵉ 86 600 Azerbaïdjan
50%
20ᵉ 329 847 Malaisie
50%
16ᵉ 447 400 Ouzbékistan
50%
15ᵉ 488 100 Turkménistan
50%
19ᵉ 331 210 Viêt Nam
50%
17ᵉ 438 317 Irak
48%
32ᵉ 89 342 Jordanie
48%
24ᵉ 199 951 Kirghizistan
48%
28ᵉ 147 181 Népal
48%
22ᵉ 300 000 Philippines
48%
29ᵉ 144 100 Tadjikistan
48%
27ᵉ 148 460 Bangladesh
46%
46ᵉ 6 020 Palestine
40%
Aucun quiz correspondant
Distribution des résultats
% des personnes avec chaque résultat
Percentile par nombre de réponses
Votre historique - résultats
Vous n’avez pas pris ce quiz depuis la dernière actualisation